The Korea Times (Registro nro. 162631)
[ vista simple ]
| 000 -LEADER | |
|---|---|
| fixed length control field | 00863nas a22002177a 4500 |
| 007 - PHYSICAL DESCRIPTION FIXED FIELD--GENERAL INFORMATION | |
| fixed length control field | cr|||| |||| |
| 008 - FIXED-LENGTH DATA ELEMENTS--GENERAL INFORMATION | |
| fixed length control field | 130503c2012 pk |||| s|||| 0|||a1eng d |
| 035 ## - | |
| -- | 7291 |
| 040 ## - CATALOGING SOURCE | |
| Original cataloging agency | vLex |
| 090 ## - | |
| -- | 4263 |
| -- | 4263 |
| 245 04 - TITLE STATEMENT | |
| Title | The Korea Times |
| Medium | [Recurso electrónico] |
| 256 ## - | |
| -- | Servicio en línea |
| 260 ## - PUBLICATION, DISTRIBUTION, ETC. (IMPRINT) | |
| Place of publication, distribution, etc | Karachi : |
| Name of publisher, distributor, etc | AsiaNet Pakistan (Pvt), |
| Date of publication, distribution, etc | 2012- |
| 300 ## - PHYSICAL DESCRIPTION | |
| Extent | 1 Recurso electrónico |
| 506 ## - RESTRICTIONS ON ACCESS NOTE | |
| Authorized users | vLex Global |
| -- | vLex Global (Academic Edition, excluding Law Schools) |
| -- | vLex Global (U.S. Academic Edition, Law Schools) |
| -- | vLex Global (U.S. Academic Edition, excluding Law Schools) |
| -- | vLex Global (Academic Edition, Law Schools) |
| 650 04 - SUBJECT ADDED ENTRY--TOPICAL TERM | |
| Topical term or geographic name as entry element | Información general |
| Form subdivision | Revistas |
| Geographic subdivision | Corea del Sur |
| 740 ## - | |
| -- | vLex Revistas (Servicio en línea) |
| 856 ## - LOCALIZACIÓN Y ACCESO ELECTRÓNICO | |
| Host name | Acceso restringido |
| Identificador Uniforme del Recurso (URI/URL) | http://www.vlex.com/source/7291 |
| 942 ## - | |
| -- | RAA |
| 999 ## - | |
| -- | 162631 |
| -- | 162631 |
No hay ítems disponibles.